Clinical immunology principles and practice (Record no. 2396)

MARC details
000 -LEADER
fixed length control field 00393nam a22001577a 4500
008 - FIXED-LENGTH DATA ELEMENTS--GENERAL INFORMATION
fixed length control field 250317b |||||||| |||| 00| 0 eng d
020 ## - INTERNATIONAL STANDARD BOOK NUMBER
ISBN 9780702068966
100 ## - MAIN ENTRY--AUTHOR
Author Rich Robert R
245 ## - TITLE STATEMENT
Title Clinical immunology principles and practice
250 ## - EDITION STATEMENT
Edition statement 5th
260 ## - PUBLICATION, DISTRIBUTION, ETC. (IMPRINT)
Place of publication U.S
Name of publisher Elsevier
Date of publication 2023
300 ## - COLLATION
Pagination XVIII,1373P
650 ## - TRACINGS
Main Subject Clinical Immunology
942 ## - ADDED ENTRY ELEMENTS (KOHA)
Item type Books
050 ## - LIBRARY OF CONGRESS CALL NUMBER
Classification number RC582
Item number .C55
Holdings
Source of classification or shelving scheme Not for loan Permanent location Current location Date acquired Accession No. Full call number Barcode. Koha item type
Library of Congress Classification   Samuel Ogbemudia Main Library, University of Abuja Samuel Ogbemudia Main Library, University of Abuja 03/17/2025 2024/64050 RC582.C55 2025-0662 Books